[Event "Bergamo Open 2017"]
[Site "Bergamo"]
[Date "2017.07.14"]
[Round "1"]
[White "Cavalieri, Riccardo"]
[Black "Godena, Michele"]
[Result "0-1"]
[WhiteElo "2061"]
[BlackElo "2511"]
[Annotator "TA"]
[PlyCount "64"]
[EventDate "2017.??.??"]
[EventCountry "ITA"]
[SourceTitle "playchess.com"]
[Source "ChessBase"]
[SourceQuality "1"]

{[%evp 20,64,-30,-21,-18,-40,-23,-42,-34,-38,-39,-57,-70,-76,-79,-85,-73,-193,-204,-218,-212,-204,-165,-212,-211,-226,-220,-285,-275,-266,-274,-331,-320,-327,-300,-370,-372,-385,-362,-412,-402,-397,-404,-391,-395,-395,-389]} 1. e4 e5 2. Nf3 Nc6 3. Bc4 Bc5 4. c3 Nf6 5. b4 Be7 6. d3 d5 {C54: Giuoco Piano: 4 c3 Nf6, main lines with 5 d4 and 5 d3} 7. exd5 Nxd5 8. O-O O-O 9. b5 Na5 10. Bxd5 Qxd5 11. c4 {LiveBook: 28 Games} Qd7 12. Bd2 e4 $1 {[%cal Re4f3]} 13. Bxa5 exf3 14. Qxf3 a6 {[#]} 15. Bc3 $146 axb5 16. Qg3 {[%csl Gc3][%cal Rg3g7] [#]} f6 $36 {[%mdl 2048] White is under strong pressure.} 17. cxb5 Bd6 18. Qh4 (18. Qf3 $17) 18... Qxb5 $19 19. Qc4+ Qxc4 20. dxc4 Be6 21. Nd2 Ra4 22. Rfb1 b6 23. c5 Bxc5 24. Nb3 Bd6 25. Re1 Kf7 26. Nd4 Bd7 ({But not} 26... Bxa2 27. Nb5 $19) 27. Nb3 Rfa8 {Black is winning.} 28. Re2 Be6 29. Rae1 Bc4 30. Re4 Bxb3 31. axb3 Rxe4 32. Rxe4 Ra3 {Precision: White = 20%, Black = 100%.} 0-1

[Event "Bergamo Open 2017"]
[Site "Bergamo"]
[Date "2017.07.14"]
[Round "1"]
[White "Wallis, Ian J"]
[Black "Sonis, Francesco"]
[Result "0-1"]
[WhiteElo "2056"]
[BlackElo "2440"]
[Annotator "TA"]
[PlyCount "92"]
[EventDate "2017.??.??"]
[EventCountry "ITA"]
[SourceTitle "playchess.com"]
[Source "ChessBase"]
[SourceQuality "1"]

{[%evp 23,92,-25,20,-80,-96,-85,-87,-78,-73,-78,-65,-72,-72,-67,-79,-72,-80,-73,-68,-143,-114,-102,-97,-195,-195,-357,-357,-356,-366,-408,-325,-304,-291,-369,-369,-394,-379,-623,-618,-578,-572,-526,-387,-460,-475,-462,-458,-818,-828,-820,-793,-748,-763,-717,-686,-626,-561,-29979,-29980,-29976,-29977,-29968,-29969,-29966,-29968,-9939,-29964,-29982,-29983,-29983,-29984]} 1. e4 c5 2. Nf3 d6 3. d4 cxd4 4. Nxd4 Nf6 5. Nc3 a6 6. Bg5 e6 7. f4 h6 8. Bh4 Be7 9. Qf3 Nbd7 10. O-O-O Qc7 11. Bd3 b5 12. Rhe1 {B99: Sicilian Najdorf: 6 Bg5 e6 7 f4 Be7 8 Qf3 Qc7 9 0-0-0 Nbd7} (12. e5 Bb7 13. Qh3 dxe5 14. Nxe6 fxe6 15. Bg6+ Kf8 16. fxe5 Nxe5 17. Bg3 Qc5 18. Rd5 Qe3+ 19. Kb1 Nxg6 20. Rd3 Nf4 {0-1 (20) Wang,H (2696)-Dao,T (2510) Dresden 2008}) 12... Bb7 {LiveBook: 5 Games} (12... g5 $5 13. fxg5 Ne5 $15) 13. f5 (13. Qh3 $11) 13... e5 $17 14. Bxf6 {Black is better.} Nxf6 15. Nde2 Qa5 $146 ({Predecessor:} 15... b4 16. Nd5 Nxd5 17. exd5 Qc5 18. Ng3 Bxd5 19. Be4 Bxe4 20. Nxe4 Qb5 21. Nf6+ Bxf6 22. Qxa8+ Bd8 23. Rxd6 O-O 24. Rxd8 {1-0 (24) Glantz,R (2256)-Grigorian,S (1960) Dresden 2011}) 16. Kb1 b4 17. Nd5 $1 Nxd5 18. exd5 Bxd5 {[#]} 19. Bb5+ $1 {[%mdl 512]} axb5 (19... Qxb5 20. Rxd5) 20. Qxd5 O-O $36 {[%mdl 2048] Black is pushing.} 21. Nc1 (21. c3 $1 $15) 21... Ra6 {[%cal Ba8a6,Ba6c6,Bc6c4][%mdl 32]} 22. Re4 Rc8 23. Qb3 (23. Qb7 $17 Rc7 24. Qb8+ Kh7 {[#]} 25. Rxb4 $1 {[%mdl 512]} Rxc2 26. a3) 23... Rac6 $19 24. Rd2 $2 (24. Re2) 24... Bg5 25. Rde2 Rc4 26. Nd3 Qa8 27. Nf2 Qd5 28. Qf3 Qc5 {[%cal Rc4c2]} 29. Rxc4 bxc4 ({Less strong is} 29... Qxc4 30. Qe4 $17) 30. Re1 $2 (30. g3) 30... Qa5 {Hoping for ...b3.} 31. Rd1 Ra8 {[%csl Ga8][%cal Ra5a2]} 32. a3 c3 {And now ...cxb2 would win.} 33. Ne4 cxb2 34. Kxb2 bxa3+ 35. Ka2 (35. Ka1 $142) 35... Qa4 36. Qd3 Rc8 37. c3 {[#]} d5 $1 38. Nxg5 (38. Qxd5 Qc2+) 38... hxg5 {[%mdl 4096] Endgame KQR-KQR} 39. Rb1 e4 40. Qxd5 Qc2+ 41. Ka1 Qxc3+ 42. Ka2 Qc2+ 43. Ka1 a2 {[%csl Gc2][%cal Ra2b1]} 44. Rb2 Qa4 45. Rxa2 Rc1+ 46. Kb2 Rc2+ {Precision: White = 25%, Black = 84%.} 0-1

[Event "Bergamo Open 2017"]
[Site "Bergamo"]
[Date "2017.07.14"]
[Round "1"]
[White "Wallis, Ian J"]
[Black "Sonis, Francesco"]
[Result "*"]
[WhiteElo "2056"]
[BlackElo "2440"]
[Annotator "TA"]
[PlyCount "24"]
[EventDate "2017.??.??"]
[EventCountry "ITA"]
[SourceTitle "playchess.com"]
[Source "ChessBase"]
[SourceQuality "1"]

{[%evp 9,9,10]} 1. d4 Nf6 2. Bf4 d6 3. c4 g6 4. Nc3 Bg7 5. Qd2 {Predecessor:} O-O $146 6. Rd1 Na6 7. Nf3 Re8 8. h3 c5 9. e3 Bf5 10. Be2 Qb6 11. O-O Ne4 12. Nxe4 Bxe4 {1-0 (35) Moiseenko,V (2520)-Vasiukov,E (2411) Taganrog 2017} *

[Event "Bergamo Open 2017"]
[Site "Bergamo"]
[Date "2017.07.14"]
[Round "2"]
[White "Ivanisevic, Ivan"]
[Black "Gatterer, Florian"]
[Result "1-0"]
[WhiteElo "2623"]
[BlackElo "2275"]
[Annotator "TA"]
[PlyCount "127"]
[EventDate "2017.??.??"]
[EventCountry "ITA"]
[SourceTitle "playchess.com"]
[Source "ChessBase"]
[SourceQuality "1"]

{[%evp 9,127,11,16,13,26,17,15,0,0,0,0,0,0,0,0,-5,0,0,24,39,48,53,50,47,30,0,0,0,26,29,25,30,22,17,11,7,19,0,0,-7,-10,-16,28,28,26,22,25,25,83,83,83,83,83,83,83,83,262,275,298,224,293,83,122,0,257,242,298,278,329,262,371,361,335,275,275,165,165,165,165,172,175,172,275,275,275,260,275,275,275,275,275,189,189,216,217,217,897,895,843,750,796,777,935,843,1601,1693,1033,1582,1339,1612,1439,964,1151,963,12835,12835,6822,5597,12841,12839]} 1. e4 c6 2. d4 d5 3. e5 Bf5 4. h4 h5 5. Bd3 Bxd3 6. Qxd3 {Black should prevent e6! B12: Caro-Kann: Advance Variation} Qa5+ (6... e6 7. Bg5 Be7 8. Nf3 Nh6 9. Nc3 Nf5 10. Ne2 c5 11. dxc5 Qa5+ 12. c3 Qxc5 13. Bxe7 Kxe7 14. Ned4 Nxd4 15. Nxd4 {0-1 (32) Adams,M (2761)-Svidler,P (2741) Shenzhen 2017}) 7. Nd2 e6 8. Ngf3 {The position is equal.} Qa6 9. c4 Nh6 10. O-O Nf5 11. b3 {[%cal Bb2b3,Bb3b4,Bb4c5][%mdl 32]} Be7 12. a4 Nd7 13. Ba3 $146 Bxa3 14. Rxa3 Qb6 15. b4 O-O 16. c5 Qd8 17. Ng5 g6 18. g3 b6 19. a5 bxc5 20. bxc5 Rb8 21. a6 Rb4 22. Ngf3 {Threatening Rb1.} Qc7 $1 23. Rb1 Rfb8 {Strongly threatening ...Nxd4!} 24. Rab3 Rxb3 25. Rxb3 Rxb3 26. Qxb3 Nb8 27. Qb7 Qxb7 28. axb7 $11 {[%mdl 4096] Endgame KNN-KNN} Kf8 (28... a5 $1 $11) 29. Nb3 $1 $16 Ke7 30. Kf1 Kd7 31. Ke2 Na6 32. Na5 Nb8 $2 (32... Kc7 $16) 33. Kd3 $18 Kd8 34. Kc3 Kd7 {[#]} 35. Ng5 $2 (35. Ne1 $1 $18 Na6 36. Nf3) 35... Ke8 36. Nf3 (36. Kd3 $16) 36... Kd7 {[#]} 37. Ne1 $1 Ne7 38. Nc2 Ke8 39. Nb4 Kf8 (39... Kd8 $142 40. f3 Kc7) 40. Kd3 Kg7 41. f3 Kh6 42. Nc2 g5 43. hxg5+ Kxg5 44. Ne3 Kg6 45. Ke2 Kg5 (45... Nf5 {was necessary.}) 46. Kf2 Kg6 47. Kg2 Kg5 48. Kh3 Kh6 49. g4 hxg4+ 50. Kxg4 Kg6 51. Nb3 f6 52. Kf4 Kf7 $2 (52... f5 53. Nc2 Kh6) 53. exf6 {White is clearly winning.} Kxf6 54. Ng4+ Kf7 55. Ne5+ Ke8 56. Kg5 Kd8 57. Kf6 Nf5 58. Kxe6 Ng7+ 59. Kf6 Nh5+ 60. Kg5 Ng7 61. f4 {[%cal Bf3f4,Bf4f5][%mdl 32]} a5 62. f5 a4 63. Na5 Kc7 64. Kg6 {Precision: White = 78%, Black = 49%.} 1-0

[Event "Bergamo Open 2017"]
[Site "Bergamo"]
[Date "2017.07.14"]
[Round "2"]
[White "Landa, Konstantin"]
[Black "Lain, Luigi"]
[Result "1-0"]
[WhiteElo "2617"]
[BlackElo "2225"]
[Annotator "TA"]
[PlyCount "103"]
[EventDate "2017.??.??"]
[EventCountry "ITA"]
[SourceTitle "playchess.com"]
[Source "ChessBase"]
[SourceQuality "1"]

{[%evp 13,103,51,57,55,54,53,62,67,78,65,70,75,85,88,78,72,62,51,91,77,151,152,160,125,125,125,137,123,140,158,158,137,158,150,152,132,133,107,136,130,164,166,212,225,216,221,273,208,193,185,190,185,197,169,259,259,260,266,266,265,357,351,1469,1493,1114,821,29968,29969,29970,29972,29972,29973,29971,29974,29974,29974,29975,29976,29976,29977,29976,29977,29976,29968,29968,29969,29985,29986,29986,29987,29987,29988]} 1. Nf3 g6 2. e4 Bg7 3. d4 d6 4. Bc4 Nf6 5. Qe2 d5 6. exd5 {B06: Modern Defence} Nxd5 7. O-O O-O {LiveBook: 8 Games} 8. c3 {White is slightly better.} e6 (8... c6 9. Re1 Re8 10. Bg5 Be6 11. Nbd2 Nd7 12. Ne4 Qc7 13. h3 {0-1 (36) Rodi,L (2346)-Matsuura,E (2486) Florianopolis 2016}) 9. Bg5 Qd6 10. Nbd2 $146 {[%cal Bb1d2,Bd2c4,Bc4e5,Be5c6][%mdl 32]} ({Predecessor:} 10. Bxd5 Qxd5 11. Nbd2 Nd7 12. Rfe1 b6 13. Nf1 Bb7 {1-0 (45) Szeko,L (2054)-Behul,P (2171) Slovakia 2007}) 10... Nd7 11. Rfe1 N7f6 12. Bb3 b6 13. Nc4 Qd8 14. Qd2 Bb7 15. Rad1 Qe8 16. Nce5 Nd7 (16... Ne7 $142) 17. Ba4 $16 c6 18. Bxc6 Bxc6 19. Nxc6 {Hoping for c4.} b5 20. Bh6 N7b6 21. Bxg7 Kxg7 22. Na5 Nc4 23. Nxc4 bxc4 24. b3 Rc8 25. Rc1 Nb6 26. Ne5 Qb5 27. Ng4 f5 28. Qh6+ ({Worse is} 28. Rxe6 fxg4 29. Re5 Qd7 $17) 28... Kg8 29. Ne5 ({Not} 29. Rxe6 fxg4 30. Re7 Rf7 $11) 29... Rc7 30. bxc4 Nxc4 31. Nd3 Re8 32. h4 {[%cal Bh2h4,Bh4h5,Bh5g6][%mdl 32]} Qd7 33. Re2 $40 {[%mdl 128] Black is in trouble.} e5 (33... Nd6 $142 34. Nc5 Qc8) 34. Nxe5 $18 Nxe5 35. Rxe5 ({Resist} 35. dxe5 $6 Rc4 $16) 35... Rxe5 36. dxe5 {[%mdl 4096] Endgame KQR-KQR} Qd3 37. h5 Rxc3 $2 {[#]} (37... f4 38. hxg6 hxg6 39. Qxf4 Rxc3) 38. Rxc3 Qxc3 39. hxg6 {KQ-KQ} Qe1+ 40. Kh2 {White mates.} Qxe5+ {[#]} 41. f4 $1 Qg7 42. gxh7+ Qxh7 43. Qxh7+ Kxh7 {K3P-KPP} 44. Kg3 Kg6 45. Kf3 Kf6 46. Ke3 Ke6 47. Kd4 Kd6 48. a4 a6 49. a5 Kc6 50. Ke5 Kb5 51. Kxf5 Kxa5 52. g4 {Precision: White = 89%, Black = 45%.} 1-0

[Event "Bergamo Open 2017"]
[Site "Bergamo"]
[Date "2017.07.14"]
[Round "2"]
[White "Rambaldi, Francesco"]
[Black "Srebrnic, Ana"]
[Result "1-0"]
[WhiteElo "2568"]
[BlackElo "2199"]
[Annotator "TA"]
[PlyCount "115"]
[EventDate "2017.??.??"]
[EventCountry "ITA"]
[SourceTitle "playchess.com"]
[Source "ChessBase"]
[SourceQuality "1"]

{[%evp 9,115,3,20,0,99,108,89,130,100,92,112,93,139,87,114,103,137,122,150,142,172,142,194,189,183,200,190,195,222,177,159,79,102,94,158,44,105,83,75,81,168,152,165,137,286,292,300,300,293,300,300,300,298,293,293,286,317,277,270,0,244,0,267,259,305,304,524,521,502,509,464,431,668,675,667,653,746,739,747,749,864,858,765,746,1767,3690,6443,1824,6428,12101,6223,6191,29961,29967,29990,29978,29978,29979,6111,1022,29978,29979,29983,29984,29985,29986,29986,29987]} 1. e4 e5 2. Nf3 Nf6 3. Nc3 Nc6 4. Bb5 Nd4 5. Bc4 Nxf3+ 6. gxf3 {C48: Four Knights: 4 Bb5, replies other than 4...Bb4} g6 $146 (6... Bc5 $11) ({Predecessor:} 6... Bc5 7. Rg1 Nh5 8. d4 Bxd4 9. Ne2 d5 10. Bxd5 c6 11. Nxd4 cxd5 12. Rg5 exd4 13. Rxd5 Qb6 14. Rxh5 Be6 15. b3 O-O 16. Bb2 g6 17. Bxd4 Qc7 18. Bf6 {1-0 (18) Bacrot,E (2709)-Sargissian,G (2668) Antwerp 2009}) 7. d4 $16 exd4 8. Qxd4 {White is better.} Bg7 9. Bg5 h6 10. Be3 (10. Qe5+ Kf8 $14) 10... d6 11. O-O-O $40 {[%mdl 128] White goes for the king.} (11. Rg1 $142) 11... Nh5 12. Qd2 Qf6 13. Bb5+ Kf8 14. h4 a6 15. Be2 Bd7 {[#]} (15... b5 $16) 16. f4 $1 $18 Bc6 {Black wants to play ...Bxe4!} 17. Bxh5 gxh5 18. f3 b5 19. Qh2 Qe6 20. Bd4 (20. f5 $142 Qc4 21. Rd3) 20... Bxd4 $16 21. Rxd4 Rg8 (21... f5 $142) 22. a3 ({Better is} 22. f5 $16 Qe5 23. Qf2) 22... a5 (22... f5 $1 $14) 23. Nd5 Bxd5 24. Rxd5 Rb8 (24... b4 $16) 25. f5 Qf6 26. Rhd1 Kg7 {[#]} (26... a4 $16) 27. Rxd6 $1 $18 cxd6 28. Rxd6 Qe7 29. f6+ Qxf6 30. Rxf6 Kxf6 {[%mdl 4096] Endgame KQ-KRR} 31. Qd6+ Kg7 32. Qe5+ Kh7 33. Qf5+ ({Don't do} 33. Qxh5 Rg6 $18) 33... Kg7 34. Qe5+ $2 ({White should try} 34. Qc5 $18) 34... Kg6 $2 (34... Kh7 $1 $11 {and Black is okay.}) 35. Qd6+ Kg7 $1 36. e5 a4 37. Qf6+ Kh7 $2 (37... Kf8 38. Qxh6+ Ke8 39. Qc6+ Kd8 40. Qd6+ Kc8) 38. Qxf7+ Rg7 39. Qf5+ Kg8 40. Kd2 Rd8+ (40... Rf8 $142 41. Qxh5 Kh7) 41. Ke3 Rd1 42. Qxh5 Rg2 43. Qe8+ Kg7 44. Qxb5 Rxc2 45. Qxa4 Re1+ 46. Kf4 Rxb2 47. Qd7+ Kg8 48. Qe8+ (48. Kf5 $142 Rb8 49. Qe6+ Kg7 50. Qg6+ Kh8 51. Qxh6+ Kg8 52. Qe6+ Kh8 53. Qf7) 48... Kg7 49. Kf5 Rg2 50. Qd7+ Kg8 51. Kf6 Rf1 52. Qc8+ Kh7 53. Qf5+ Kh8 54. Qh5 (54. e6 $142 Rc1 55. Qe5) 54... Kh7 55. e6 {[%cal Be5e6,Be6e7][%mdl 32] White mates.} Rg3 56. Qf5+ Kh8 57. e7 Re1 58. Qf4 {Precision: White = 64%, Black = 30%.} 1-0

[Event "Bergamo Open 2017"]
[Site "Bergamo"]
[Date "2017.07.14"]
[Round "2"]
[White "Godena, Michele"]
[Black "Bonade, Massimo"]
[Result "1-0"]
[WhiteElo "2511"]
[BlackElo "2116"]
[Annotator "TA"]
[PlyCount "59"]
[EventDate "2017.??.??"]
[EventCountry "ITA"]
[SourceTitle "playchess.com"]
[Source "ChessBase"]
[SourceQuality "1"]

{[%evp 14,59,26,19,43,45,58,60,116,115,106,100,156,144,221,186,237,238,250,261,260,140,156,133,130,139,218,96,292,289,443,443,443,443,443,443,443,443,636,635,552,513,704,700,642,592,808,827]} 1. e4 c5 2. Nf3 d6 3. Bc4 e6 4. O-O Nf6 5. Re1 Be7 6. c3 {B50: Sicilian: 2...d6, Miscellaneous} O-O 7. Bb3 b6 (7... b5 8. d4 cxd4 9. cxd4 Bb7 10. d5 e5 11. a4 a6 12. Qe2 Nbd7 13. axb5 axb5 14. Rxa8 Qxa8 15. Qxb5 {½-½ (60) Heberla,B (2552)-Sieciechowicz,M (2411) Trzcianka 2016}) 8. d4 {LiveBook: 4 Games. White has an edge.} cxd4 9. cxd4 ({Reject} 9. Nxd4 Bb7 $11) 9... Bb7 10. Nc3 Nc6 (10... a6 $14) 11. d5 $146 ({Predecessor:} 11. Bg5 Nd7 12. Be3 Na5 13. Bc2 Nc4 {0-1 (40) Vavra,J-Jirovsky,P (2315) Czechia 1995}) 11... exd5 12. exd5 Nb4 (12... Na5 $142) 13. Nd4 Re8 (13... Ne8 $16 14. a3 Na6) 14. Ba4 {Black must now prevent Bg5.} Nbxd5 (14... Bf8 $142) 15. Bxe8 $18 Nxe8 16. Nf5 $1 Nec7 17. Qg4 ({White should play} 17. Nxd5 $18 Nxd5 18. Qxd5 $1 {[%mdl 512]} Bxd5 19. Nxe7+ Kh8 20. Nxd5) 17... Bf6 $16 18. Nxd5 Bxd5 {[#]} 19. Qg3 $1 Ne8 (19... h5 $16 {was called for.}) 20. Be3 (20. Nh6+ $18 {and White stays clearly on top.} Kf8 21. Ng4) 20... Bxb2 $2 {[#]} (20... Qd7 $16 21. Nd4 Rc8) 21. Bg5 $1 $18 {[%cal Rg5d8]} f6 (21... Qd7 {keeps fighting.}) 22. Bh6 {[%cal Rh6g7] White is clearly winning.} Be5 23. f4 {[%cal Bf2f4,Bf4e5][%mdl 32]} Qd7 24. fxe5 Qxf5 25. exd6 {Rxe8+! would kill now.} Kf8 {[#]} (25... Qg6 $142 26. Qxg6 hxg6) 26. Rxe8+ $1 {[%mdl 512]} Kxe8 (26... Rxe8 27. Qxg7#) 27. Qxg7 {[%csl Gd6][%cal Rg7e7]} Qe4 {And now ...Qd4+ would win.} 28. Rc1 Bc6 29. h3 a5 {[#]} 30. Rxc6 $1 {[%mdl 512] Precision: White = 68%, Black = 22%.} 1-0

[Event "Bergamo Open 2017"]
[Site "Bergamo"]
[Date "2017.07.14"]
[Round "2"]
[White "Sonis, Francesco"]
[Black "Cardarelli, Angelo"]
[Result "1-0"]
[WhiteElo "2440"]
[BlackElo "2006"]
[Annotator "TA"]
[PlyCount "91"]
[EventDate "2017.??.??"]
[EventCountry "ITA"]
[SourceTitle "playchess.com"]
[Source "ChessBase"]
[SourceQuality "1"]

{[%evp 19,91,0,-8,-51,-12,-45,56,56,59,66,71,27,63,73,117,54,50,30,169,166,170,166,169,160,170,171,202,169,187,152,194,202,202,201,216,193,190,184,337,334,349,343,492,474,516,503,580,498,536,533,524,455,684,660,647,652,715,697,642,513,801,764,894,890,5600,5314,29975,29976,29975,1610,29972,29973,1900,999]} 1. Nf3 c5 2. c4 Nc6 3. g3 g6 4. Bg2 Bg7 5. O-O e6 6. Nc3 Nge7 7. d3 O-O 8. Bf4 d5 9. cxd5 exd5 {A37: Symmetrical English vs ...g6: 4 Bg2 Bg7 5 Nf3} (9... Nxd5 10. Bg5 Qd7 11. Qd2 Re8 12. Rfd1 b6 13. Rac1 Bb7 14. Bh6 Bh8 15. e4 Nc7 16. Bh3 Ne5 17. Nxe5 Bxe5 {½-½ (41) Maghsoodloo,P (2575)-Vitiugov,N (2724) Moscow 2017}) 10. Rc1 b6 {LiveBook: 3 Games} 11. Qd2 Bb7 {Black is slightly better.} (11... d4 $5 {[%cal Rd4c3]} 12. Nb5 a6 $15) 12. Bh6 Re8 ({Better is} 12... d4 $15 13. Bxg7 Kxg7) 13. Bxg7 $14 Kxg7 14. d4 $146 ({Predecessor:} 14. Qf4 Qb8 15. Qd2 Qd6 16. Nb5 Qd7 17. Qf4 {0-1 (33) Bulatkhanova,B (1976)-Repina,V (2201) Herceg Novi 2008}) 14... c4 15. Ne5 Na5 16. Qf4 f5 17. Nf3 ({White should try} 17. h4 $16) 17... Ng8 18. Nb5 Re4 {[#]} (18... Nf6 $11 {and Black is okay.}) 19. Ng5 $1 $36 {[%mdl 2048] White is really pushing.} Rxf4 20. Ne6+ Kf6 21. Nxd8 Rxd8 22. gxf4 a6 23. Na3 Ne7 24. Rc3 Bc6 25. b3 b5 26. Nc2 Be8 27. bxc4 Nxc4 28. Rb1 Nc8 $2 {[#]} (28... Kg7 {was called for.} 29. Ne1 a5) 29. Nb4 N8b6 30. Nxa6 Na4 (30... Rd7 {might work better.} 31. Rbb3 h6) 31. Rh3 h5 32. Nc7 Nd2 33. Rd1 Ne4 34. Rc1 b4 35. Bxe4 fxe4 (35... dxe4 $142 36. Rb3 Nc3) 36. Nxe8+ Rxe8 {[%mdl 4096] Endgame KRR-KRN} 37. Rb3 Nc3 38. Rc2 e3 39. Rxb4 Nd1 (39... exf2+ $142 40. Kxf2 Nd1+ 41. Ke1 Ne3 42. Rb6+ Kf5) 40. f3 Kf5 41. Rb6 Rg8 42. h4 Kxf4 43. Kg2 {[%cal Rb6f6]} Kf5 44. Rc1 (44. Rc5 $142 Rd8 45. Rc1 Nf2 46. Rcc6 Rf8 47. Re6 Rf7 48. Rxe3 Nd1 49. Rd3) 44... Nf2 45. Rcc6 {[%csl Gb6][%cal Rc6f6]} Rf8 46. Rxg6 {Precision: White = 49%, Black = 29%.} 1-0

[Event "Bergamo Open 2017"]
[Site "Bergamo"]
[Date "2017.07.14"]
[Round "2"]
[White "Haimovich, Tal"]
[Black "Zanini, Giuseppe"]
[Result "1-0"]
[WhiteElo "2380"]
[BlackElo "1994"]
[Annotator "TA"]
[PlyCount "45"]
[EventDate "2017.??.??"]
[EventCountry "ITA"]
[SourceTitle "playchess.com"]
[Source "ChessBase"]
[SourceQuality "1"]

{[%evp 17,45,9,26,0,9,25,14,8,24,15,17,7,45,30,46,58,47,5,43,49,123,72,75,66,103,95,147,149,1182,1180]} 1. e4 c5 2. Nf3 Nc6 3. Nc3 e6 4. Bb5 Nge7 5. O-O a6 6. Bxc6 Nxc6 7. d4 cxd4 8. Nxd4 Qc7 9. Nxc6 bxc6 10. Re1 {B30: Sicilian: 2...Nc6 3 Bb5, lines without ...g6} (10. Qg4 Rb8 11. b3 Bd6 12. f4 Bc5+ 13. Kh1 Bd4 14. Bb2 O-O 15. Nd5 cxd5 16. Bxd4 f6 17. e5 f5 {1-0 (60) Zeng,C (2549)-Wang,Y (2718) China 2016}) 10... Be7 11. e5 d5 12. exd6 {The position is equal.} Bxd6 13. Qh5 O-O 14. Ne4 $146 ({Predecessor:} 14. Be3 f5 15. Rad1 c5 16. Bc1 Bb7 17. Rxe6 Qc6 {1-0 (53) Martin,A (2425)-Hennigan,M (2415) Dundee 1993}) 14... f6 15. Be3 e5 16. Nxd6 Qxd6 17. Rad1 (17. f4 $5) 17... Qe6 18. Bc5 $36 {[%mdl 2048] White has some pressure.} Qe8 (18... Re8 $1 $14) 19. Qf3 (19. Qh4 $142 Rf7 20. Rxe5 fxe5 21. Rd8) 19... Rf7 $16 20. Rd6 Rb8 21. Qxc6 Bd7 (21... Re7 $142) 22. Qd5 Rxb2 $2 {[%mdl 8192] [#]} (22... Rc8 $16 23. Rd1 (23. Rxa6 Bc6 $16) 23... h6) 23. Rxd7 $1 {[%mdl 512] Precision: White = 61%, Black = 20%.} 1-0

[Event "Bergamo Open 2017"]
[Site "Bergamo"]
[Date "2017.07.14"]
[Round "2"]
[White "Zamar Kodelja, Jurij"]
[Black "Salgado Lopez, Ivan"]
[Result "0-1"]
[WhiteElo "2249"]
[BlackElo "2622"]
[Annotator "TA"]
[PlyCount "76"]
[EventDate "2017.??.??"]
[EventCountry "ITA"]
[SourceTitle "playchess.com"]
[Source "ChessBase"]
[SourceQuality "1"]

{[%evp 10,76,3,-10,-17,-9,0,0,18,-17,35,-8,34,35,40,39,43,0,37,17,45,25,37,37,70,45,56,37,43,25,29,0,-18,-25,-19,-34,27,0,23,0,0,0,0,0,0,0,0,-72,-69,-59,-63,-335,-339,-408,-406,-443,-463,-437,-455,-426,-437,-512,-502,-498,-483,-653,-639,-891,-876]} 1. d4 Nf6 2. c4 e6 3. Nc3 Bb4 4. a3 Bxc3+ 5. bxc3 b6 6. Nf3 {LiveBook: 5 Games} Ba6 {E21: Nimzo-Indian: 4 Nf3} (6... Bb7 7. Bg5 h6 8. Bh4 g5 9. Bg3 Ne4 10. Qc2 d6 11. Nd2 Nxg3 12. hxg3 Nd7 13. e4 Qe7 14. a4 a5 {0-1 (72) Hayrapetyan,H (2426)-Sjugirov,S (2664) St Petersburg 2014}) 7. e3 c5 8. Bd3 Qc7 {The position is equal.} 9. d5 $146 ({Predecessor:} 9. Nd2 Nc6 10. Bb2 Na5 11. Qe2 Rc8 12. Rc1 cxd4 13. cxd4 d5 14. c5 Bxd3 15. Qxd3 {0-1 (30) Mesko,A (2068)-Saric,A (2402) Rabac 2003}) 9... O-O ({Black should play} 9... exd5 $11 10. cxd5 Bxd3 11. Qxd3 d6) 10. O-O d6 11. e4 Nbd7 12. Qc2 Rfe8 13. Bf4 h6 14. Rfe1 Nh5 15. Bd2 Bb7 16. a4 a5 17. Bf1 Re7 18. h3 Rae8 19. Rad1 Nhf6 20. Qb1 exd5 21. exd5 Ne4 $1 22. Qc2 Bc8 (22... Nxd2 $15 23. Qxd2 Rxe1 24. Rxe1 Rxe1 25. Qxe1 Qd8) 23. Bf4 Ndf6 24. Bd3 (24. Rb1 {with more complications.} g5 25. Be3 Bf5 26. Bd3 Bg6 27. Re2) 24... Ng5 25. Bxg5 Rxe1+ 26. Rxe1 Rxe1+ 27. Nxe1 hxg5 28. Bf5 (28. g4 $11) 28... g6 $36 {[%mdl 2048] Black fights for an advantage.} 29. Bxc8 Qxc8 30. Qd2 $2 {[%mdl 8192] [#]} (30. f3 $1 $15) 30... Qe8 $19 31. Nf3 Qxa4 32. Qxg5 Qa1+ {Black is clearly winning.} 33. Kh2 Qxc3 34. Qf4 Ne8 35. Qg5 {intending Qe7.} Kf8 36. Qh6+ {[#]} Ke7 $1 37. Qh4+ Nf6 38. Ng5 a4 {Precision: White = 27%, Black = 35%.} 0-1